Temas de política social. Efectos del narcotráfico /
Gardado en:
| Autores Corporativos: | , |
|---|---|
| Formato: | Texto |
| Publicado: |
La Paz:
ILDIS
|
| Etiquetas: |
Engadir etiqueta
Sen Etiquetas, Sexa o primeiro en etiquetar este rexistro!
|
MARC
| LEADER | 00000 a a2200000 04500 | ||
|---|---|---|---|
| 001 | 25495 | ||
| 003 | |||
| 040 | |a CRAI/IIS |c CRAI/IIS | ||
| 090 | |a 152804 | ||
| 110 | |a Fundación Friedrich Ebert | ||
| 245 | |a Temas de política social. Efectos del narcotráfico / |c Fundación Friedrich Ebert | ||
| 260 | |a La Paz: |b ILDIS | ||
| 300 | |a 125 p |b **no definido** | ||
| 710 | |a Instituto Latinoamericano de Investigaciones Sociales |a ILDIS | ||
| 999 | |c 15779 |d 15779 | ||
